The Oasis Papers 10: The Land Where the Sun Goes Down. The Archaeology of Egypt's Western Desert

Saved in:

Other Authors: Hope, Colin A. (Editor), Polkowski, Paweł L. (Editor), Anderson, Julie R. (Editor), Kilroe, Loretta (Editor), Parr, Bruce E. (Associate Editor)

Format: Book

Published: Oxford Archaeopress Publishing Ltd 2025

Tags: Add Tag

No Tags, Be the first to tag this record!

Call Number:

LEADER 00898namaa2200217 4500
001 9781805832232
003 UkOxAP
005 20260405155019.0
020 |a 9781805832249 
776 1 |x 9781805832232 
245 0 0 |a The Oasis Papers 10: The Land Where the Sun Goes Down. The Archaeology of Egypt's Western Desert 
100 1 |a Hope, Colin A.  |e Editor  |l English 
700 1 |a Polkowski, Paweł L.  |e Editor  |l English 
700 1 |a Anderson, Julie R.  |e Editor  |l English 
700 1 |a Kilroe, Loretta  |e Editor  |l English 
700 1 |a Parr, Bruce E.  |e Associate Editor  |l English 
856 4 2 |a http://library.arce.org:8087/Archaeopress/Products/9781805832249 
260 |a Oxford  |b Archaeopress Publishing Ltd  |c 2025 
270 |a Archaeopress Publishing Ltd, Summertown Pavillion, 18 -24 Middle Way, Summertown  |b Oxford  |d United Kingdom  |e OX2 7LG  |k 44-1865-311914  |m info@archaeopress.com 
942 |2 lcc  |c EBOOK 
999 |c 62168  |d 62168